| 000 | 00472nam a22001817a 4500 | ||
|---|---|---|---|
| 003 | SISC | ||
| 005 | 20160204102126.0 | ||
| 008 | 130830t xxu||||| |||| 00| 0 eng d | ||
| 020 | _a978033724309 | ||
| 050 |
_aRC 311 _bC641 1999 |
||
| 082 |
_aHS 616.995 _bC87 1999 |
||
| 100 |
_aCrofton, John; _915920 |
||
| 245 |
_aClinical tuberculosis / _cJohn Cofton |
||
| 260 |
_aLondon : _bMacmillan, _cc1999. |
||
| 300 |
_a221 p. _c23 cm. |
||
| 942 |
_2lcc _cBK |
||
| 999 |
_c10076 _d10076 |
||